Encuadre sindical y convencional de los trabajadores del Colegio de Martilleros y Corredores de Comercio de la Provincia de La Pampa (Registro nro. 18570)
[ vista simple ]
| 000 -LEADER | |
|---|---|
| fixed length control field | 00405 a2200109 4500 |
| 001 - CONTROL NUMBER | |
| control field | ART_38319 |
| 005 - DATE AND TIME OF LATEST TRANSACTION | |
| control field | 20260410161739.0 |
| 008 - FIXED-LENGTH DATA ELEMENTS--GENERAL INFORMATION | |
| fixed length control field | 260409a |
| 100 1# - MAIN ENTRY--PERSONAL NAME | |
| Personal name | Slavin, Luis P. |
| 245 10 - TITLE STATEMENT | |
| Title | Encuadre sindical y convencional de los trabajadores del Colegio de Martilleros y Corredores de Comercio de la Provincia de La Pampa |
| 773 0# - HOST ITEM ENTRY | |
| Title | Doctrina laboral |
| Related parts | - Nº 352 (dic. 2014) |
| Record control number | REV4049 |
No hay ítems disponibles.